Mr Stink / (Record no. 6722)

MARC details
000 -LEADER
fixed length control field 01455nam a22003017a 4500
001 - CONTROL NUMBER
control field 6722
003 - CONTROL NUMBER IDENTIFIER
control field FISKH
005 - DATE AND TIME OF LATEST TRANSACTION
control field 20250522150414.0
008 - FIXED-LENGTH DATA ELEMENTS--GENERAL INFORMATION
fixed length control field 250522b cb ||||| |||| 00| 0 eng d
020 ## - INTERNATIONAL STANDARD BOOK NUMBER
International Standard Book Number 9780007279067
040 ## - CATALOGING SOURCE
Original cataloging agency FISKH
Language of cataloging eng
Transcribing agency FISKH
Modifying agency FISKH
050 ## - LIBRARY OF CONGRESS CALL NUMBER
Classification number PZ7.W1593357 M
082 ## - DEWEY DECIMAL CLASSIFICATION NUMBER
Classification number 823.92
100 ## - MAIN ENTRY--PERSONAL NAME
Personal name Walliams, David
Dates associated with a name (1971-)
245 ## - TITLE STATEMENT
Title Mr Stink /
Statement of responsibility, etc. David Walliams ; Illustrated by Quentin Blake
250 ## - EDITION STATEMENT
Edition statement This edition first published in 2009
260 ## - PUBLICATION, DISTRIBUTION, ETC.
Place of publication, distribution, etc. London :
Name of publisher, distributor, etc. HarperCollins,
Date of publication, distribution, etc. 2009
300 ## - PHYSICAL DESCRIPTION
Extent 267 pages :
Other physical details illustrations ;
Dimensions 20 cm
505 ## - FORMATTED CONTENTS NOTE
Formatted contents note L<br/>
520 ## - SUMMARY, ETC.
Summary, etc. "Mr. Stink stank. He also stunk. And if it was correct English to say he stinked, then he stinked as well... Chloe sees Mr. Stink every day, but she's never spoken to him. Which isn't surprising, because he's a tramp, and he stinks. But there's more to Mr. Stink than meets the eye (or nose) and before she knows it, Chloe has an unusual new friend hiding in her garden shed. As Chloe struggles to keep Mr. Stink a secret, and her dad tries to hide a secret of his own, the stage is set for an epic family confrontation. But there's one other person with an extraordinary secret Mr. Stink himself."--Publisher's description<br/>
521 8# - TARGET AUDIENCE NOTE
Target audience note 520<br/>
Source Lexile<br/>
521 8# - TARGET AUDIENCE NOTE
Target audience note L<br/>
Source Raz-Plus<br/>
650 ## - SUBJECT ADDED ENTRY--TOPICAL TERM
Source of heading or term Middle grade
Topical term or geographic name entry element Primary
650 ## - SUBJECT ADDED ENTRY--TOPICAL TERM
Source of heading or term Friendship
Topical term or geographic name entry element Secrets
700 ## - ADDED ENTRY--PERSONAL NAME
Personal name Blake, Quentin
Dates associated with a name illustrator
942 ## - ADDED ENTRY ELEMENTS (KOHA)
Source of classification or shelving scheme Dewey Decimal Classification
Koha item type Books
Suppress in OPAC No
Holdings
Withdrawn status Lost status Source of classification or shelving scheme Damaged status Not for loan Collection Home library Current library Shelving location Date acquired Total Checkouts Full call number Barcode Date last seen Copy number Price effective from Koha item type
    Dewey Decimal Classification     Juvenile Fiction Footprints International School Library Network Toul Tom Poung Campus Footprints International School Library Network Toul Tom Poung Campus TTP Primary Yellow Bookshelves 05/22/2025   WAL 823.92 PZ7.W1593357 M 2025-1385 05/22/2025 1 05/22/2025 Books